<?xml version="1.0" encoding="UTF-8"?>
<record
    xmlns:xsi="http://www.w3.org/2001/XMLSchema-instance"
    xsi:schemaLocation="http://www.loc.gov/MARC21/slim http://www.loc.gov/standards/marcxml/schema/MARC21slim.xsd"
    xmlns="http://www.loc.gov/MARC21/slim">

  <leader>00289nam a22001097a 4500</leader>
  <datafield tag="040" ind1=" " ind2=" ">
    <subfield code="c">sy</subfield>
  </datafield>
  <datafield tag="082" ind1=" " ind2=" ">
    <subfield code="a">330</subfield>
  </datafield>
  <datafield tag="100" ind1=" " ind2=" ">
    <subfield code="a">&#x1787;&#x17C0;&#x179A; &#x1799;&#x17C9;&#x17B6;&#x179A;&#x17C9;&#x17C2;&#x1793;</subfield>
  </datafield>
  <datafield tag="245" ind1=" " ind2=" ">
    <subfield code="a">&#x17A2;&#x1785;&#x17D2;&#x1786;&#x179A;&#x17B7;&#x1799;&#x179C;&#x178F;&#x17D2;&#x1790;&#x17BB; &#x1785;&#x17B6;&#x179F;&#x17CB;&#x1790;&#x17D2;&#x1798;&#x17B8;&#x1791;&#x17B6;&#x17C6;&#x1784;&#x17E7;</subfield>
  </datafield>
  <datafield tag="260" ind1=" " ind2=" ">
    <subfield code="a">RUA</subfield>
    <subfield code="b">&#x1787;&#x17C0;&#x179A;</subfield>
    <subfield code="c">2012</subfield>
  </datafield>
  <datafield tag="942" ind1=" " ind2=" ">
    <subfield code="c">KB</subfield>
  </datafield>
  <datafield tag="999" ind1=" " ind2=" ">
    <subfield code="c">8503</subfield>
    <subfield code="d">8503</subfield>
  </datafield>
  <datafield tag="952" ind1=" " ind2=" ">
    <subfield code="0">0</subfield>
    <subfield code="1">0</subfield>
    <subfield code="4">0</subfield>
    <subfield code="6">330_000000000000000_&#x1787;&#x17C0;&#x179A;_2012_C193</subfield>
    <subfield code="7">0</subfield>
    <subfield code="9">48617</subfield>
    <subfield code="a">LBC</subfield>
    <subfield code="b">LBC</subfield>
    <subfield code="c">C193</subfield>
    <subfield code="d">2016-08-03</subfield>
    <subfield code="o">330 &#x1787;&#x17C0;&#x179A; 2012 C193</subfield>
    <subfield code="p">RUA44312</subfield>
    <subfield code="r">2016-08-03</subfield>
    <subfield code="y">KB</subfield>
  </datafield>
  <datafield tag="952" ind1=" " ind2=" ">
    <subfield code="0">0</subfield>
    <subfield code="1">0</subfield>
    <subfield code="4">0</subfield>
    <subfield code="6">330_000000000000000_&#x1787;&#x17C0;&#x179A;_2012_C191</subfield>
    <subfield code="7">0</subfield>
    <subfield code="9">48618</subfield>
    <subfield code="a">LBC</subfield>
    <subfield code="b">LBC</subfield>
    <subfield code="c">C191</subfield>
    <subfield code="d">2016-08-03</subfield>
    <subfield code="o">330 &#x1787;&#x17C0;&#x179A; 2012 C191</subfield>
    <subfield code="p">RUA44706</subfield>
    <subfield code="r">2016-08-03</subfield>
    <subfield code="y">KB</subfield>
  </datafield>
  <datafield tag="952" ind1=" " ind2=" ">
    <subfield code="0">0</subfield>
    <subfield code="1">0</subfield>
    <subfield code="4">0</subfield>
    <subfield code="6">330_000000000000000_&#x1787;&#x17C0;&#x179A;_2012_C079</subfield>
    <subfield code="7">0</subfield>
    <subfield code="9">48620</subfield>
    <subfield code="a">LBC</subfield>
    <subfield code="b">LBC</subfield>
    <subfield code="c">C191</subfield>
    <subfield code="d">2016-08-03</subfield>
    <subfield code="o">330 &#x1787;&#x17C0;&#x179A; 2012 C079</subfield>
    <subfield code="p">RUA045532</subfield>
    <subfield code="r">2016-08-03</subfield>
    <subfield code="y">KB</subfield>
  </datafield>
</record>
